01010nam a2200289Ic 450000100060000000300100000600500170001600700030003300800410003602000180007704000350009504100080013008400060013810000490014424501200019325000400031326400510035330000430040433600270044733700330047433800280050749000430053565000250057865000370060365000410064070000390068158792CO-BoRNBP20250828144600.0ta180109s9999 xx 000 0 und d a9789583009976 aCO-BoRNBPbspaerdacCO-BoRNBP aspa aT aMontaña Ibáñez, Francisco,d1966-eaut10aAndrés, perro y oso en el país de los miedos /cFrancisco Montaña Ibáñez ; ilustraciones Patricia Acosta. aPrimera edición, 2a reimpresión 1aBogotá, Colombia :bPanamericana;2007,c2007 a95 páginas :bilustraciones en color atextobtxt2rdacontent asin mediaciónbn2rdamedia avolumenbnc2rdacarrier0 aPrimer acto. Teatro infantil y juvenil07aMiedo - Teatro2lemb04aTeatro infantil colombiano2LEMB04aLiteratura infantil colombiana2LEMB1 aAcosta, Patricia, ilustradoraeill